00786cam a2200205 a 4500001000400000003001000004005001700014008004100031020001800072040002500090080001700115100002300132245018000155260003900335300002700374504002500401650004700426650005000473650005700523200BR-CuiBMT20231114030924.0230829s2022 mgba 000 0 por d a9786555181890 aBR-CuiBMTcBR-CuiBMT 22007a342.921 aMadureira, Claudio10aLicitações, contratos e controle administrativo :bdescrição sistemática da Lei nº 14.133/2021 na perspectiva do modelo brasileiro de processo /cClaudio Madureira. aBelo Horizonte :bFórum,cc2022. a557 p. :bil. ;c24 cm aInclui bibliografia. aLicitações e contratosvLegislação aContratação públicaxNormas de controle aAdministração públicaxControle administrativo